Identification of interval estimation for machine learning methods

Saved in:
Bibliographic Details
Main Author: Langová, Julianna (Author)
Other Authors: Bobák, Martin (Thesis advisor)
Format: Manuscript Book
Language:Slovak
English
Published: 2025
Subjects:
Online Access:http://is.stuba.sk/zp/portal_zp.pl?podrobnosti=183686
Tags: Add Tag
No Tags, Be the first to tag this record!

MARC

LEADER 00000ntm a22000003a 4500
001 stuzp105782
003 SK-STU
005 20250607211600.4
007 ta
008 150427s2015----xo-----f-mn---000-0-slo-d
040 |a STU  |b slo 
041 0 |a eng 
100 1 |a Langová, Julianna  |u 070200  |4 aut  |U FIIT Fakulta informatiky a informačných technológií  |T FIIT Ústav informatiky, informačných systémov a softvérového inžinierstva  |X 103022  |U I200  |Y 179  |7 103022 
242 0 1 |a Aplikovanie metód strojového učenia na identifikáciu intervalových odhadov  |y slo 
245 1 0 |a Identification of interval estimation for machine learning methods 
260 |c 2025 
650 4 |a transformation method  |2 eng 
650 4 |a interval estimations  |2 eng 
650 4 |a machine learning  |2 eng 
650 4 |a metóda transformácie  |2 slo 
650 4 |a intervalové odhady  |2 slo 
650 4 |a strojové učenie  |2 slo 
700 1 |a Bobák, Martin  |u 070200  |k Z8  |4 ths  |U FIIT Fakulta informatiky a informačných technológií  |T FIIT Ústav informatiky, informačných systémov a softvérového inžinierstva  |X 65408  |U I200  |Y 179  |7 65408 
856 4 |u http://is.stuba.sk/zp/portal_zp.pl?podrobnosti=183686